000 00341nam a2200145Ia 4500
003 OSt
005 20231227095636.0
008 170524s9999 xx 000 0 und d
020 _a9788183562966
040 _cIIMT UNIVERSITY
100 _aDASH- AJAY
245 0 _aBROADCASTING JOURNALISM
260 _bNEW DELHI: DISCOVERY
942 _2ddc
_c01
999 _c9310
_d9310